[Event "RUS-chT U14"]
[Site "Sochi"]
[Date "2016.05.03"]
[Round "3.3"]
[White "Saratovskiy, Dmitiy"]
[Black "Petrovskiy, Andrey"]
[Result "1-0"]
[WhiteElo "1938"]
[BlackElo "1616"]
[PlyCount "71"]
[EventDate "2016.05.01"]
[EventType "team-tourn"]
[EventRounds "9"]
[EventCountry "RUS"]
[SourceTitle "EXT 2018"]
[Source "ChessBase"]
[SourceDate "2017.10.13"]
[SourceVersion "1"]
[SourceVersionDate "2017.10.13"]
[SourceQuality "1"]

1. d4 d5 2. c4 e6 3. Nc3 f5 4. Nf3 c6 5. e3 Nf6 6. Bd3 Bd6 7. 0-0 0-0 8. b3 Ne4 9. Bb2 Nd7 10. Ne2 Rf6 11. Ne5 Rh6 12. Bxe4 fxe4 13. Nf4 Qg5 14. Ng4 Rh4 15. h3 Bxf4 16. exf4 Qg6 17. Kh2 h5 18. g3 Rxg4 19. hxg4 hxg4 20. Kg2 Nf6 21. Rh1 Bd7 22. Qe2 Kf7 23. Ba3 a6 24. Qd2 b5 25. cxb5 axb5 26. Bc5 Rb8 27. a4 b4 28. a5 e3 29. Qxe3 Ne4 30. a6 Ra8 31. Bxb4 Bc8 32. Rh8 c5 33. dxc5 Rxa6 34. Rxa6 Bxa6 35. c6 e5 36. f5 1-0

[Event "RUS-chT U14"]
[Site "Sochi"]
[Date "2016.05.01"]
[Round "1.4"]
[White "Bobkov, Vadim"]
[Black "Petrovskiy, Andrey"]
[Result "1/2-1/2"]
[WhiteElo "1887"]
[BlackElo "1616"]
[PlyCount "141"]
[EventDate "2016.05.01"]
[EventType "team-tourn"]
[EventRounds "9"]
[EventCountry "RUS"]
[SourceTitle "EXT 2018"]
[Source "ChessBase"]
[SourceDate "2017.10.13"]
[SourceVersion "1"]
[SourceVersionDate "2017.10.13"]
[SourceQuality "1"]

1. d4 d5 2. c4 e6 3. Nc3 f5 4. Nf3 c6 5. Bf4 Bd6 6. e3 Nf6 7. Bd3 0-0 8. 0-0 b6 9. Qc2 Ne4 10. Rad1 Bb7 11. Rfe1 Qe7 12. a3 Nd7 13. b4 a5 14. c5 Bxf4 15. exf4 axb4 16. axb4 Ra3 17. Nb1 Ra7 18. Nfd2 Qf6 19. Nb3 bxc5 20. bxc5 Rfa8 21. Re2 Qf7 22. f3 Nef6 23. Nc3 Ba6 24. Nc1 Nf8 25. Bxa6 Rxa6 26. Nd3 Qc7 27. Nb4 Ra3 28. g3 N6d7 29. Rb1 Nb8 30. Qc1 Qa5 31. Ra2 Rxa2 32. Nbxa2 Nfd7 33. Rb4 Qa6 34. Ra4 Qb7 35. Rb4 Qa6 36. Ra4 Qb7 37. Rxa8 Qxa8 38. Nb4 Qa5 39. Qb2 Kf7 40. Kf2 Ke7 41. Ke2 Kd8 42. Kd2 Kc7 43. Kc2 Na6 44. Nd3 Kc8 45. Qa2 Nb4+ 46. Nxb4 Qxb4 47. Qa4 Qxa4+ 48. Nxa4 Kb7 49. Kb3 Nf6 50. Nb6 Kc7 51. Kb4 h6 52. Na4 Kb7 53. Ka5 Ka7 54. Nc3 Kb7 55. Ne2 Ka7 56. h3 Kb7 57. Nc1 Nh5 58. Ne2 Nf6 59. g4 g6 60. g5 hxg5 61. fxg5 Nh5 62. h4 f4 63. Kb4 Kc7 64. Nc1 Ng3 65. Nd3 Nf5 66. h5 gxh5 67. Nxf4 h4 68. Nxe6+ Kd7 69. Nf4 Nxd4 70. g6 Ke7 71. Ka5 1/2-1/2